00000000nam 2200000zi 4500
0019.868963
003CaOODSP
00520241118091338
006m     o  d f      
007cr |||||||||||
008191030t20192019onc     o    f000 0 eng d
020 |a9780660297699
040 |aCaOODSP|beng|erda|cCaOODSP
043 |an-cn---
0861 |aEn4-94/2-2019E-PDF
24500|aTank tip 2 : |bnew storage tank system installations.
264 1|a[Ottawa] : |bEnvironment and Climate Change Canada = Environnement et Changement climatique Canada, |c[2019].
264 4|c©2019
300 |a1 online resource (2 unnumbered pages)
336 |atext|btxt|2rdacontent
337 |acomputer|bc|2rdamedia
338 |aonline resource|bcr|2rdacarrier
500 |aIssued also in French under title: Sachez stocker 2 : installation d’un nouveau système de stockage.
500 |aCaption title.
650 0|aOil storage tanks|xLaw and legislation|zCanada.
650 0|aPetroleum products|xStorage|xLaw and legislation|zCanada.
7101 |aCanada. |bEnvironment and Climate Change Canada.
77508|tSachez stocker 2 : |w(CaOODSP)9.868970
794 |tTank tip 2 : |b(2023)|w(CaOODSP)9.919524
795 |tTank tip 4 on Storage Tank Systems for Petroleum Products and Allied Petroleum Products Regulations |w(CaOODSP)9.801837
85640|qPDF|s1.35 MB|uhttps://publications.gc.ca/collections/collection_2019/eccc/En4-94-2-2019-eng.pdf